Memsahib / (Record no. 177533)

MARC details
000 -LEADER
campo de control de longitud fija 00641nam a22002055i 4500
001 - NÚMERO DE CONTROL
campo de control 177533
003 - IDENTIFICADOR DE NÚMERO DE CONTROL
campo de control ES-MaACL
005 - FECHA Y HORA DE LA ÚLTIMA TRANSACCIÓN
campo de control 20250528063012.0
008 - DATOS DE LONGITUD FIJA--INFORMACIÓN GENERAL
campo de control de longitud fija 110331s1981 sp |||| | spa d
020 ## - NÚMERO INTERNACIONAL ESTÁNDAR DEL LIBRO
Número Internacional Estándar del Libro 84-500-4852-4
080 ## - NÚMERO DE LA CLASIFICACIÓN DECIMAL UNIVERSAL
Número de la Clasificación Decimal Universal 821.134.2-32"19"
100 1# - ENTRADA PRINCIPAL--NOMBRE DE PERSONA
Nombre de persona Sáenz, Miguel,
Fechas asociadas al nombre 1932-
9 (RLIN) 101299
245 10 - MENCIÓN DEL TÍTULO
Título Memsahib /
Mención de responsabilidad, etc. Miguel Sáenz.
260 ## - PUBLICACIÓN, DISTRIBUCIÓN, ETC.
Lugar de publicación, distribución, etc. Alcalá de Henares :
Nombre del editor, distribuidor, etc. Comisión de Cultura del Ayuntamiento de Alcalá de Henares,
Fecha de publicación, distribución, etc. imp. 1981.
300 ## - DESCRIPCIÓN FÍSICA
Extensión 69 p. ;
Dimensiones 22 cm.
490 1# - MENCIÓN DE SERIE
Mención de serie Alcalá-Narrativa ;
Designación de volumen o secuencia 3
830 0# - PUNTO DE ACCESO ADICIONAL DE SERIE-TÍTULO UNIFORME
Título uniforme Alcalá-Narrativa ;
Designación de volumen o secuencia 3
9 (RLIN) 190393
852 ## - LOCALIZACIÓN
Ubicación ES-MaACL
Número de control de estantería E-14744
Holdings
Estatus retirado Estado de pérdida Estado de daño No para préstamo Biblioteca de origen Biblioteca actual Ubicación en estantería Fecha de adquisición Fuente de adquisición Total de préstamos Signatura topográfica completa Código de barras Visto por última vez Precio de reemplazo Tipo de ítem Koha
        Biblioteca del Ateneo de Madrid Biblioteca del Ateneo de Madrid Depósito 2 31/03/2011     E-14744 1186473 23/02/2023 23/02/2023 Libro impreso